1441 1557 1630 1983 1776 1728 1104 1157 1914 1519 1732 1154 1100 1144 1364 1929 1535 1297 1602 1961 1665 1838 1745 1396 1116 1127 1517 1274 1872 1895 1001 1040 1308 1703 1618 1288 1351 1050 1121 1755 1361 1086 1163 1496 1779 1270 1213 1317 1648 1431 1683 1547 1845 1131 1044 1204 1768 1283 1651 1965 1169 1210 1546 1904 1548 1459 1053 1265 1604 1865 1282 1053 1359 1981 1116 1439 1180 1669 1177 1920 1907 1956 1384 1859 1618 1637 1793 1950 1028 1161 1876 1430 1250 1782 1671 1152 1079 1538 1329 BCNSPRNW ULIB Ver.6.0+V

เปลี่ยนเป็นภาษาไทย

Change to English
 แสดงรายละเอียดบรรณานุกรม
  กลับหน้าหลัก

Brief Record : Get Marc (ISO 2709) : E-mail record : QR code < ปิดหน้าต่าง
LEADER : 00000nam 2200000uu 4500
001    13399107849
003     ULIB
008    110206s2553||||th 000 0 tha d
020    9789741113217
060 04 WS410^bส661ต 2553
100 0  สายฝน ชวาลไพบูลย์
245 10 ตำราคลอดก่อนกำหนด =^bPreterm labour /^cสายฝน ชลาวไพบูลย์
246 30 คลอดก่อนกำหนด
246 31 Preterm labour
250    พิมพ์ครั้งที่ 1
260    กรุงเทพฯ :^bหน่วยเวชศาสตร์มารดาและทารกในครรภ์ภาควิชาสูติศาสตร์-นรีเวชวิทยา คณะแพทยศาสตร์ศิริราชพยาบาล มหาวิทยาลัยมหิดล,^c2553
300    xxv, 465 หน้า :^bภาพประกอบ ;^c27 ซม.
650  7 การคลอดก่อนกำหนด
650  7 ทารกคลอดก่อนกำหนด
653    ผลงานอาจารย์คณะแพทยศาสตร์ศิริราชพยาบาล
710 2  มหาวิทยาลัยมหิดล. ^bคณะแพทยศาสตร์ศิริราชพยาบาล.^bภาควิชาสูติศาสตร์-นรีเวชวิทยา. ^bหน่วยเวชศาสตร์มารดาและทารกในครรภ์
945    ^p700^l0^i17875
945    ^p700^l0^i17874
945    ^p700^l0^i17876
995    เกษร
999 ^a ใช้งานได้ทุกระบบ
รายการนี้ยังไม่มีแท็ก
คุณยังไม่ได้ล็อกอิน คุณสามารถมีกิจกรรมร่วมกับเว็บไซต์ได้ แต่ต้องล็อกอินก่อน ::
  ล็อกอิน

รายการสื่อสารสนเทศ

ลำดับที่ ประเภท เลขเรียก/บาร์โค้ด สถานที่ สถานะ
1. วิทยาศาสตร์การแพทย์ และสุขภาพ
วิทยาศาสตร์การแพทย์ และสุขภาพ
WS410 ส661ต 2553  
  Barcode: 17875
ห้องสมุดวิทยาเขตนครสวรรค์
►ส่วนจัดเก็บหนังสือเก่า นว.
บนชั้น
  ขอยืม
2. วิทยาศาสตร์การแพทย์ และสุขภาพ
วิทยาศาสตร์การแพทย์ และสุขภาพ
WS410 ส661ต 2553 ฉ.2 
  Barcode: 17874
ห้องสมุดวิทยาเขตนครสวรรค์
►ส่วนจัดเก็บหนังสือเก่า นว.
บนชั้น
  ขอยืม
3. วิทยาศาสตร์การแพทย์ และสุขภาพ
วิทยาศาสตร์การแพทย์ และสุขภาพ
WS410 ส661ต 2553 ฉ.3 
  Barcode: 17876
ห้องสมุดวิทยาเขตนครสวรรค์
►ส่วนจัดเก็บหนังสือเก่า นว.
บนชั้น
  ขอยืม

รายการใกล้เคียง
    ผู้แต่ง [สายฝน ชวาลไพบูลย์]

    หัวเรื่อง [การคลอดก่อนกำหนด]
    หัวเรื่อง [ทารกคลอดก่อนกำหนด]

BibComment


ยังไม่เคยถูกคอมเมนท์

คอมเมนท์ทรัพยากรรายการนี้
  คอมเมนท์: ตำราคลอดก่อนกำหนด..


 Copyright 2026. Bcnsprnw @Library